<?xml version="1.0" encoding="UTF-8"?><record xmlns="http://www.loc.gov/MARC21/slim" xmlns:zs="http://docs.oasis-open.org/ns/search-ws/sruResponse">
  <leader>00396nz  a2200133n  4500</leader>
  <controlfield tag="001">nr 89017193 </controlfield>
  <controlfield tag="003">DLC</controlfield>
  <controlfield tag="005">19891207101626.4</controlfield>
  <controlfield tag="008">891205n| acannaab|          |n aaa     c</controlfield>
  <datafield ind1=" " ind2=" " tag="010">
    <subfield code="a">nr 89017193 </subfield>
  </datafield>
  <datafield ind1=" " ind2=" " tag="040">
    <subfield code="a">NjP</subfield>
    <subfield code="c">NjP</subfield>
  </datafield>
  <datafield ind1="1" ind2="0" tag="100">
    <subfield code="a">Trebitsch, Arthur,</subfield>
    <subfield code="d">1880-1927</subfield>
  </datafield>
  <datafield ind1=" " ind2=" " tag="670">
    <subfield code="a">His Friedrich der Grosse, 1916:</subfield>
    <subfield code="b">t.p. (Arthur Trebitsch)</subfield>
  </datafield>
  <datafield ind1=" " ind2=" " tag="670">
    <subfield code="a">LC in RLIN, 12-1-89</subfield>
    <subfield code="b">(hdg.: Trebitsch, Arthur, 1880-1927)</subfield>
  </datafield>
</record>
